000 00672nam a22002537a 4500
003 UA-OsUOA
001 32522
007 ta
008 20050204b un ||||| |||| 00| 0 ukr d
100 _aГородиський Зенон
090 _a94(477)09
_bГ70
942 _cBK
040 _aUA-OsUOA
_bukr
_cUA-OsUOA
_dUA-OsUOA
245 _aУкраїнська Національна Рада
_bІсторичний нарис
300 _a144 с.
_bІлюстрації
955 _a0
041 _aukr
080 _a94(477)09
020 _a5-7707-4689-0
260 _bВид. дім "КМ Academia"
_c1993
044 _aUA
650 7 _2UDC
999 _c318967
_d318967